000 03097nam a22002657a 4500
001 5150453
003 UA-OsUOA
005 20201109110352.0
008 200402b un ||||| m||| 00| 0 ukr d
040 _aUA-OsUOA
_bukr
_cUA-OsUOA
_dUA-OsUOA
041 _aukr
080 _a351.741
090 _a351.741
095 _a12.00.08
_bкримінальне право та кримінологія; кримінально-виконавче право
100 _aСтоляр Т. В.
245 _aКримінально-правова характеристика заподіяння тяжкої шкоди при перевищенні меж необхідної оборони
_cСтоляр Таїсія Володимирівна ; наук. керівник Міняйло Ніна Євгенівна
260 _aКиїв
_c2016
300 _a20 с.
502 _6Автореферат дисертації на здобуття наукового ступеня кандидата юридичних наук
_cНаціональна академія внутрішніх справ
_d2016
520 _aДисертація є першим в Україні монографічним дослідженням, що спеціально присвячена аналізу проблем кримінально-правової характеристики заподіяння тяжкої шкоди при перевищенні меж необхідної оборони. У дисертації викладено історію розвитку законодавства про умисне вбивство та умисне заподіяння тяжкого тілесного ушкодження при перевищенні меж необхідної оборони, проведено юридичний аналіз складу вказаних злочинів, надано та охарактеризовано правову природу необхідної оборони та перевищення її меж. На підставі сформульованих положень пропонується знизити вік, з якого наступає кримінальна відповідальність за умисне вбивство та умисне заподіяння тяжких тілесних ушкоджень при перевищенні меж необхідної оборони. Вносяться конкретні пропозиції щодо удосконалення кримінального законодавства про необхідну оборону, зокрема статті 36 КК України та статей 118 і 124 КК України.
650 _2UDC
_a351 Напрями діяльності органів державного адміністративного управління
942 _2udc
_cAR
955 _a1
999 _c458696
_d458696